000 00718nam a2200289Ia 4500
005 20260324121628.0
008 008 260324s9999 xx 000 0 eng d
020 _a9781315766171
037 _aEBOOK
040 _aCRL
040 _beng
040 _cCRL
041 _2eng
041 _aeng
084 _qCRL
100 _aCedric de Coning; Thomas Mandrup; Liselotte Odgaard
_91163247
245 4 _aThe BRICS and Coexistence
245 3 _bAn Alternative Vision of World Order
260 _bTaylor and Francis
260 _c2014
365 _a
365 _b240
856 _uhttp://www.taylorfrancis.com/books/9781315766171
942 _cEBOOK
999 _c1755481
_d1755481